00800nam a2200193 a 450000500170000000800410001702000180005805000310007624500390010725000260014626000510017230000110022344000340023465000320026865000410030099900190034195201230036095201230048320140412111354.0051104s19uu xx 00 eng d a0-07-572848-6 aTR(GS 372.4bB35 L.2 (ESG) aESL supplement guide (green), L.2. aRevised Edition Guide aColumbus, Ohio :bSRA/McGraw-Hill Comp,c2000. a240 p. aSRA open court reading, Green aReadingxStudy and teaching aEnglish languagexStudy and teaching c105383d105383 00104050aELbELcTRd2005-11-04eDonationl0oTR(GS 372.4 B35 L.2 (ESG)pE9963r2014-04-12 00:00:00w2014-04-12yBK 00104050aELbELcTRd2005-11-04eDonationl0oTR(GS 372.4 B35 L.2 (ESG)pE9964r2014-04-12 00:00:00w2014-04-12yBK